00727cam a22002057a 4500003000500000005001700005008004100022010001000063011001000073035001000083040000900093100003600102245015300138260004000291300001900331502010900350650001700459650001700476650002800493CHAP20220329141759.0971013s1986 r 00010 d a73708 a74680 a84239 cCHAP00aCárcamo Rodríguez, Antonio. 0aIdentificación del acaro Rhizoglyphus Spp. Acaridae-Astigmata que ataca al bulbo del ajo (Allium sativum L.) en la zona norte del estado de Puebla aChapingo, Méx. :bEl autor,c1986 a65 h.b: ilus. aTesis (Ing. Agr. Esp. en Parasitología Agrícola) -- UACH. Departamento de Parasitología Agrícola14aAjoxPlagas.14aAjoxPuebla.14aRhizoglyplus echinopus.